000 00807nam a22002777a 4500
001 7897
003 FISKH
005 20250813102847.0
008 250813b cb ||||| |||| 00| 0 eng d
020 _a033500986567
040 _aFISKH
_beng
_cFISKH
_dFISKH
050 _aSF445 .F74
082 _a636.8
100 _aFrench, Laura
245 _aCats /
_cby Laura French ; Expanded by Diane Muldow ; Illustrated by Patti Gay
260 _aNew York ;
_bA Golden Book,
_c1976.
300 _a24 unnumbered pages :
_bcolor illustrations ;
_c21 cm
505 _aM
520 _aA book about cats.
521 8 _a530
_bLexile estimate
521 8 _aM
_bRaz-Plus
650 _aChildren's Books
_vPicture Book
_xCats
700 _aGay, Patti
_eillustrator
942 _2ddc
_cBK
_n0
999 _c7897
_d7897